<?xml version="1.0" encoding="UTF-8"?>
<record
    xmlns:xsi="http://www.w3.org/2001/XMLSchema-instance"
    xsi:schemaLocation="http://www.loc.gov/MARC21/slim http://www.loc.gov/standards/marcxml/schema/MARC21slim.xsd"
    xmlns="http://www.loc.gov/MARC21/slim">

  <leader>01022cam a22002531  4500</leader>
  <controlfield tag="001">he 65000049 </controlfield>
  <controlfield tag="003">DLC</controlfield>
  <controlfield tag="005">20260227111427.0</controlfield>
  <controlfield tag="008">800508s1964    is a     b    000 0 rus  </controlfield>
  <datafield tag="010" ind1=" " ind2=" ">
    <subfield code="a">he 65000049 </subfield>
  </datafield>
  <datafield tag="035" ind1=" " ind2=" ">
    <subfield code="a">(OCoLC)6296241</subfield>
  </datafield>
  <datafield tag="040" ind1=" " ind2=" ">
    <subfield code="a">DLC</subfield>
    <subfield code="c">NAlfC</subfield>
    <subfield code="d">DLC</subfield>
  </datafield>
  <datafield tag="041" ind1="1" ind2=" ">
    <subfield code="a">engrus</subfield>
  </datafield>
  <datafield tag="042" ind1=" " ind2=" ">
    <subfield code="a">premarc</subfield>
  </datafield>
  <datafield tag="050" ind1="0" ind2="0">
    <subfield code="a">TS693</subfield>
    <subfield code="b">.M613</subfield>
  </datafield>
  <datafield tag="110" ind1="2" ind2=" ">
    <subfield code="a">Moskovski&#x1D0; dom naucho-teknichesko&#x1D0; propagandy imeni F.&#x116;. Dzerzhinskogo.</subfield>
  </datafield>
  <datafield tag="245" ind1="1" ind2="0">
    <subfield code="a">Electrodeposition of alloys.</subfield>
    <subfield code="b">Electroliticheskoe osazhdenie splavov.</subfield>
    <subfield code="c">V.A. Averkin, editor. Translated from Russian [by Ch. Nisenbaum and others; edited by IPST staff]</subfield>
  </datafield>
  <datafield tag="260" ind1=" " ind2=" ">
    <subfield code="a">Jerusalem,</subfield>
    <subfield code="b">Israel Program for Scientific translations; [available from the Office of Technical Services, U.S. Dept. of Commerce, Washington]</subfield>
    <subfield code="c">1964.</subfield>
  </datafield>
  <datafield tag="300" ind1=" " ind2=" ">
    <subfield code="a">201 p.</subfield>
    <subfield code="b">illus.</subfield>
    <subfield code="c">24 cm.</subfield>
  </datafield>
  <datafield tag="500" ind1=" " ind2=" ">
    <subfield code="a">Obshchestvo po rasprostraneniyu politicheskikh i nauchnykh znanii RSFR.</subfield>
  </datafield>
  <datafield tag="504" ind1=" " ind2=" ">
    <subfield code="a">Includes bibliographies.</subfield>
  </datafield>
  <datafield tag="650" ind1=" " ind2="0">
    <subfield code="a">Alloy plating.</subfield>
  </datafield>
  <datafield tag="700" ind1="1" ind2=" ">
    <subfield code="a">Averkin, V. A.,</subfield>
    <subfield code="e">ed.</subfield>
  </datafield>
  <datafield tag="999" ind1=" " ind2=" ">
    <subfield code="c">30861</subfield>
    <subfield code="d">30861</subfield>
  </datafield>
</record>
